| 000 | 00351nam a2200133 4500 | ||
|---|---|---|---|
| 999 |
_c756 _d756 |
||
| 008 | 191217b ||||| |||| 00| 0 eng d | ||
| 082 | 0 | 0 |
_a621.3 _bH8931 |
| 100 |
_950 _aHughes, Edward |
||
| 245 | 1 | 0 |
_aApplied Electricity _cby Edward Hughes |
| 260 |
_aLondon _bLongmans _c1950 |
||
| 300 | _aix, 412 p. | ||
| 650 | 0 | _aElectrical Engineering | |
| 942 |
_2ddc _cBK |
||